2008 Olympics Leading Nations - Statistics

General Stats
  • This quiz has been taken 3,357 times
  • The average score is 14 of 17
Answer Stats
# Country % Correct
110 United States
100%
100 China
99%
73 Russia
97%
47 United Kingdom
97%
41 France
96%
41 Germany
96%
25 Japan
94%
46 Australia
92%
18 Canada
91%
27 Italy
91%
18 Spain
90%
15 Brazil
85%
31 South Korea
84%
16 Netherlands
68%
27 Ukraine
60%
24 Cuba
33%
19 Belarus
31%
No matching quizzes found
Score Distribution
Percent of People with Each Score
Percentile by Number Answered
Your Score History
You have not taken this quiz